Kubánska revolúcia vo svetle kritických teórií medzinárodných vzťahov historicko-sociologický kontext

Charakter kubánskej revolúcie a jej prínos pre Latinskú Ameriku. Meniace sa historické kontexty interpretácie kubánskej revolúcie. Porevolučný vývoj a pohľad na súčasnú Kubu. Úsilie USA o normalizáciu vzťahov s Kubou.

Saved in:
Bibliographic Details
Main Author: Škvrnda, František
Format: Book Chapter
Language:Slovak
Subjects:
Tags: Add Tag
No Tags, Be the first to tag this record!

MARC

LEADER 00000naa$a2200000$$$4500
001 0214245
005 20240502073600.8
041 0 |a slo 
044 |a SK 
245 1 0 |a Kubánska revolúcia vo svetle kritických teórií medzinárodných vzťahov  |b historicko-sociologický kontext  |c František Škvrnda 
520 |a Charakter kubánskej revolúcie a jej prínos pre Latinskú Ameriku. Meniace sa historické kontexty interpretácie kubánskej revolúcie. Porevolučný vývoj a pohľad na súčasnú Kubu. Úsilie USA o normalizáciu vzťahov s Kubou. 
610 2 0 |a teórie politické 
610 2 0 |a vzťahy medzinárodné 
610 2 0 |a politika medzinárodná 
610 2 0 |a vzťahy politické medzinárodné 
610 2 0 |a bezpečnosť medzinárodná 
610 2 0 |a Kuba 
610 2 0 |a USA 
100 1 |a Škvrnda, František